Implementácia RFID systémov v prostredí SCM

Integračné fázy procesov plánovania, rozdeľovania a koordinovania finančných a ľudských zdrojov, spotrebúvaných aktivitami fyzickej distribúcie výrobkov, operáciami podpory výroby a zásobovaním organizácie vstupným materiálom a surovinami. Charekteristika RFID systému.

Saved in:
Bibliographic Details
Main Author: Vaculík, Juraj
Other Authors: Michálek, Ivan
Format: Book Chapter
Language:Slovak
Subjects:
Tags: Add Tag
No Tags, Be the first to tag this record!

MARC

LEADER 00000naa a2200000 4500
001 0141844
005 20231207073812.2
041 0 |a slo 
044 |a SK 
245 1 0 |a Implementácia RFID systémov v prostredí SCM  |c Juraj Vaculík, Ivan Michálek 
520 |a Integračné fázy procesov plánovania, rozdeľovania a koordinovania finančných a ľudských zdrojov, spotrebúvaných aktivitami fyzickej distribúcie výrobkov, operáciami podpory výroby a zásobovaním organizácie vstupným materiálom a surovinami. Charekteristika RFID systému. 
610 2 0 |a logistika 
610 2 0 |a logistika podniková 
610 2 0 |a logistika integrovaná 
610 2 0 |a logistika distribučná 
610 2 0 |a technológie nové 
610 2 0 |a systémy riadenia 
610 2 0 |a metódy riadenia 
610 2 0 |a logistika elektronická 
610 2 0 |a modely 
610 2 0 |a metodológia 
100 1 |a Vaculík, Juraj 
700 1 |a Michálek, Ivan